Understanding Microwaves (Record no. 299766)

000 -LEADER
fixed length control field 00319 a2200133 4500
001 - CONTROL NUMBER
control field 64693
082 ## - DEWEY DECIMAL CLASSIFICATION NUMBER
Classification number 621.3813 SCO
090 ## - LOCALLY ASSIGNED LC-TYPE CALL NUMBER (OCLC); LOCAL CALL NUMBER (RLIN)
-- 38276
-- 38276
100 ## - MAIN ENTRY--PERSONAL NAME
Personal name Scott Allan W
245 ## - TITLE STATEMENT
Title Understanding Microwaves
260 ## - PUBLICATION, DISTRIBUTION, ETC.
Place of publication, distribution, etc. USA
Name of publisher, distributor, etc. Willy-interscience
Date of publication, distribution, etc. 2005
300 ## - PHYSICAL DESCRIPTION
Extent xii, 545P.
500 ## - GENERAL NOTE
General note Avionics textbook
942 ## - ADDED ENTRY ELEMENTS (KOHA)
Institution code [OBSOLETE] NUST-CAE
Call number prefix 621.3813 SCO
Holdings
Withdrawn status Lost status Damaged status Not for loan Collection code Permanent Location Current Location Date acquired Total Checkouts Full call number Barcode Date last seen Price effective from Koha item type
          College of Aeronautical Engineering (CAE) College of Aeronautical Engineering (CAE) 04/03/2017   621.3813 SCO CAEN-3887 04/05/2017 04/05/2017 Book
© 2023 Central Library, National University of Sciences and Technology. All Rights Reserved.